000 00405nam a2200145Ia 4500
008 230917s9999||||xx |||||||||||||| ||und||
040 _e133325
_aMAIN
041 _aEnglish
082 _a330.1543 H729O
100 _aHolly, Sean
245 0 _aOptimal control for econometric models: an approach to economic policy formulation
260 _aLondon
_bMacmillan
_c1979
300 _a303p. p.
942 _cBK
999 _c207055
_d207055